System Soft Ware (Record no. 346438)

000 -LEADER
fixed length control field 00307 a2200109 4500
090 ## - LOCALLY ASSIGNED LC-TYPE CALL NUMBER (OCLC); LOCAL CALL NUMBER (RLIN)
-- 3978
-- 3978
100 ## - MAIN ENTRY--PERSONAL NAME
Personal name Leland L. Beck
245 ## - TITLE STATEMENT
Title System Soft Ware
Remainder of title An Introduction to Systems Programming
250 ## - EDITION STATEMENT
Edition statement 3rd Ed
260 ## - PUBLICATION, DISTRIBUTION, ETC.
Place of publication, distribution, etc. Pearson Education Asia
Name of publisher, distributor, etc. Massachustts
Date of publication, distribution, etc. 1999
942 ## - ADDED ENTRY ELEMENTS (KOHA)
Institution code [OBSOLETE] NBS
Koha item type Book
Call number prefix 005.412 BEC
Holdings
Withdrawn status Lost status Damaged status Not for loan Permanent Location Current Location Shelving location Date acquired Total Checkouts Full call number Barcode Date last seen Price effective from Koha item type
        Central Library (CL) Central Library (CL) First Floor - Operating System/ Data Structure 08/28/2013   005.412 BEC NBS`4852 08/28/2013 08/28/2013 Book
© 2023 Central Library, National University of Sciences and Technology. All Rights Reserved.